Advanced calculus : an introduction to classical analysis /

Guardado en:
Autor Principal: Brand, Louis, 1885-1971.
Formato: Libro
Idioma:English
Publicado: New York : Wiley, [1955]
Etiquetas: Agregar Etiqueta
Sin Etiquetas, Sea el primero en etiquetar este registro!
LEADER 00570nam a2200169ua 4500
001 MAT.inmabb002244
008 810211s1955####nyua##########000#0#eng#d
005 20130219152828.0
245 1 0 |a Advanced calculus :  |b an introduction to classical analysis /  |c Louis Brand. 
260 |a New York :  |b Wiley,  |c [1955] 
300 |a xii, 574 p. : il. ; 24 cm. 
500 |a "Fourth printing, revised, 1962" 
510 4 |a MR,  |c 16,909b 
100 1 |a Brand, Louis,  |d 1885-1971. 
084 |a 26-01 (26B05 26B15 26B20 30-01)  |2 msc2000 
010 |a  55008399  
859 |h 26  |i B817  |p A-8097  |b BIB. MATEMATICA